| 000 | 01043cam a22003017a 4500 | ||
|---|---|---|---|
| 003 | CHAP | ||
| 005 | 20220329133458.0 | ||
| 008 | 971013s1991 r 00010 d | ||
| 010 | _a6854 | ||
| 011 | _a7826 | ||
| 035 | _a7051 | ||
| 040 | _cCHAP | ||
| 082 |
_a630.83 I53 _bI53 Col. |
||
| 110 |
_aInstituto Nacional de Estadística, Geografía e Informática. México _959304 |
||
| 245 | 0 |
_aAtlas ejidal del estado de Colima _b: encuesta nacional agropecuaria y ejidal, 1988 |
|
| 260 |
_aMéxico, D.F. : _bEl Instituto, _c1991 |
||
| 300 |
_a87 p. _b; mapas |
||
| 590 |
_aBATCH-UPD _b10 _c20130110 _lUCH01 _h2132 |
||
| 590 |
_aBATCH-UPD _b10 _c20130410 _lUCH01 _h1441 |
||
| 590 |
_aBATCH-UPD _b10 _c20130914 _lUCH01 _h1331 |
||
| 590 |
_aCONVERSION _b10 _c20130109 _lUCH01 _h1305 |
||
| 650 | 1 | 4 |
_aAgricultura _xEstadisticas _zColima. _91450 |
| 650 | 1 | 4 |
_aEjidos _xColima. _936011 |
| 650 | 1 | 4 |
_aGanadería _xEstadísticas _zColima. _944709 |
| 901 | _aBK | ||
| 942 | _cLIBRO | ||
| 949 |
_a630.83 I53 Col. _bBC _cINEGI _d33724000567079 _eINEGI _h84834 _i7051 _mD _si |
||
| 999 |
_c6854 _d6854 |
||